000 01091nam a2200121Ia 4500
008 220616s9999||||xx |||||||||||||| ||und||
100 _aRipollés, María||Blesa, Andreu
245 0 _aWidening International Entrepreneurship Research
546 _aEnglish[eng]
650 _aentrepreneurial intention||international student teams||entrepreneurial orientation||market orientation||digitalization||entrepreneurial cognition||human resource management||international entrepreneurship education||global mindset||skills||internationalization||cross-country||active learning||Global Board Game project||born global||and entrepreneurship education ecosystems||marketing capability||leadership||Australian Indigenous entrepreneurship||international entrepreneurship||emerging markets||teams||higher education||entrepreneurship||SME||intrapreneurship||entrepreneurship education||human resource practices||international new venture||mindset theory||Community of Practice||employee entrepreneurial behavior||institutional theory
856 _uhttps://mdpi.com/books/pdfview/book/2046
942 _cEB
999 _c20086
_d20086